000 00299nam a22001337a 4500
003 SGT
082 _a150
_bI98S
100 _aSCHLINGER, HENRY D.
245 _aINTRODUCTION TO SCIENTIFIC PSYCHOLOGY
260 _aUSA
_bSPRINGIER
_c1998
300 _a388
650 _aPSYCHOLOGY
942 _2ddc
_cBK
999 _c10509
_d10509